000 00443nam a2200157Ia 4500
008 240729s9999 xx 000 0 und d
022 _a1998-3581
245 0 _aIndian Journal of Community Medicine
260 _aIndia
260 _bWolters Kluwer Medknow Publications
650 _a Public aspects of medicine
650 _aMedicine
856 _uhttps://doaj.org/toc/b5e3b8f478a0493f8e0e95b8cc44e66e
942 _2ddc
942 _cDOAJEJ
999 _c70238
_d70238
945 _a1
_bMadushi Gamage
_c1
_dMadushi Gamage